000 00680cab a2200217 4500
001 ABS43908
008 090401t1991 xxu||||| |||| 00| 0 eng d
035 _a(Sirsi) u44223
041 _aeng
100 _aCottam, G.
245 _aICE set for a user-friendly contract
260 _c1991
350 _a0
490 _aConstruction News
_v(6198) 24 January 1991, 13(1)
520 _aAnalyses the New Engineering Contract , which has been recently published in draft form for comment.
650 _aBUILT ENVIRONMENT-BUILDING CONTRACT FORMS
650 _aENGINEERING CONTRACTS
690 _aBUILT ENVIRONMENT-BUILDING CONTRACT FORMS
942 _n0
948 _c04/03/1997
999 _c28190
_d28190